MARC details
| 000 -LEADER |
| campo de control de longitud fija |
01573nas a2200277 i 4500 |
| 001 - NÚMERO DE CONTROL |
| campo de control |
C00050867c |
| 005 - FECHA Y HORA DE LA ÚLTIMA TRANSACCIÓN |
| campo de control |
20241114090500.0 |
| 008 - DATOS DE LONGITUD FIJA--INFORMACIÓN GENERAL |
| campo de control de longitud fija |
041104d19221946sp q r 0 a spa d |
| 080 ## - NÚMERO DE LA CLASIFICACIÓN DECIMAL UNIVERSAL |
| Número de la Clasificación Decimal Universal |
908(460.182)(05) |
| 080 ## - NÚMERO DE LA CLASIFICACIÓN DECIMAL UNIVERSAL |
| Número de la Clasificación Decimal Universal |
7(460.182)(05) |
| 130 #0 - ENTRADA PRINCIPAL--TÍTULO UNIFORME |
| Título uniforme |
Boletín de la Comisión Provincial de Monumentos Históricos y Artísticos de Burgos. |
| 9 (RLIN) |
34035 |
| 245 10 - MENCIÓN DEL TÍTULO |
| Título |
Boletín de la Comisión Provincial de Monumentos Históricos y Artísticos de Burgos. |
| 260 ## - PUBLICACIÓN, DISTRIBUCIÓN, ETC. |
| Lugar de publicación, distribución, etc. |
Burgos : |
| Nombre del editor, distribuidor, etc. |
[s.n.], |
| Fecha de publicación, distribución, etc. |
[1922]-1946. |
| 300 ## - DESCRIPCIÓN FÍSICA |
| Extensión |
79 v. ; |
| Dimensiones |
24 cm. |
| 310 ## - PERIODICIDAD ACTUAL |
| Periodicidad actual |
Trimestal |
| 362 0# - FECHAS DE PUBLICACIÓN Y/O DESIGNACIÓN SECUENCIAL |
| Fecha de publicación y/o designación secuencial |
N.1 (1922)-n.94 (1946) |
| 500 ## - NOTA GENERAL |
| Nota general |
Comprende: 1922(1923-1925)1926-1928(1929-1930)1931-1934(1935-1936)1937(1938)1939-1945(1946) |
| 500 ## - NOTA GENERAL |
| Nota general |
Contiene: (1922), n.1; (1923), n.2-3; (1924), n.6-7; (1925), n.11-13; (1926), n.14-17; (1927), n.18-21; (1928), n.22-25; (1929), n.26-28; (1930), n.33; (1931), n.34-37; (1932), n.38-41; (1933), n.42-45; (1934), n.46-49; (1935), n.50,52-53; (1936), n.54,56/57; (1937), n.58-61; (1938), n.62-63; (1939), n.66-69; (1940), n.70-73; (1941), n.74-77; (1942), n.78-81; (1943), n.82-84/85; (1944), n.86-88/89; (1945), n.90-93; (1946), n.94. |
| 580 ## - NOTA DE RELACIÓN COMPLEJA |
| Nota de relación compleja |
Continuada por: Boletín de la Institución Fernán González y de la Comisión Provincial de Monumentos Históricos y Artísticos de Burgos. |
| 590 ## - NOTA LOCAL (RLIN) |
| Nota local |
revistas_001 |
| 651 ## - PUNTO DE ACCESO ADICIONAL DE MATERIA--NOMBRE GEOGRÁFICO |
| Nombre geográfico |
Burgos (España)- |
| Subdivisión general |
Historia- |
| Subdivisión de forma |
Publicaciones periódicas. |
| 9 (RLIN) |
95720 |
| 710 2# - ENTRADA AGREGADA--NOMBRE DE ENTIDAD CORPORATIVA |
| Nombre de entidad corporativa o nombre de jurisdicción como elemento de entrada |
Comisión Provincial de Monumentos Históricos y Artísticos de Burgos. |
| 9 (RLIN) |
34034 |
| 852 4# - LOCALIZACIÓN |
| Número de control de estantería |
Rev-2014 |